000
00320nam a2200133Ia 4500
008
190216s9999||||xx |||||||||||||| ||und||
100
_a
Dudley Dillard
245
0
_a
Economics Of John Maynard Keynes
250
_a
3rd Ed.
260
_b
Vikas Publishing House
_c
1977
300
_a
364
650
_a
Economics
942
_c
BK
999
_c
9587
_d
9587